000 00830nam a22002777a 4500
003 CHAP
005 20220817041859.0
008 971013s1981 r 00010 d
010 _a27584
011 _a28556
035 _a32661
040 _cCHAP
090 _aFolleto 8655
110 _aINIA. México. Campo Agrícola Experimental La Laguna
_958495
245 _aMemorias del día del viticultor
260 _aTorreón, Coah. :
_bEl Instituto,
_c1981
300 _a34 p
490 _aFolleto para productores
_v; 1
590 _aBATCH-UPD
_b10
_c20130110
_lUCH01
_h1734
590 _aCONVERSION
_b10
_c20130109
_lUCH01
_h1316
650 1 4 _aComarca Lagunera
_xViticultura.
_925536
830 0 _aFolleto para productores
_v; 1
901 _aBK
942 _cFOLL
949 _aFolleto 8655
_bBC
_cFOLL
_d-76051
_eTS1
_i32661
_mD
_si
999 _c27584
_d27584